000
00204 a2200097 4500
001
11076
100
_a
Jamil Ahmed
245
_a
Historic Doucments
260
_a
_b
Publish United
_c
090
_c
8637
_d
8637
942
_a
NUST-CAE
_c
M
_c
35419
999
_c
246149
_d
246149